| 000 | 00613nam a2200193 a 4500 | ||
|---|---|---|---|
| 005 | 20210223124741.0 | ||
| 008 | 021009s1985 mx r 000 0 spa d | ||
| 020 | _a9688800295 | ||
| 035 | _aUPN01000120034 | ||
| 049 | _aCG | ||
| 050 | 4 |
_aHF5549 _bS7.68 |
|
| 100 | 1 | _aStrauss, George | |
| 245 | 1 | 0 |
_aPersonal : _bproblemas humanos de la administración / _cGeorge Strauss, Leonard R. Sayles ; tr. Jorge Cárdenas Nannetti. |
| 260 |
_aMéxico : _bPrentice-Hall Hispanoamericana, _c1985. |
||
| 300 | _a619 p. | ||
| 650 | 4 |
_aPERSONAL - _xDIRECCION _911025 |
|
| 700 | 1 |
_aSayles, Leonard R., _ecoaut. |
|
| 905 | _aLibro | ||
| 999 |
_c92384 _d92384 |
||